000 01487cam a22002054a 4500
005 20250605164050.0
008 250528s ||||||||||||||||||||||||d
035 _a17264
020 _a131803816
040 _aGR-AtMCL
_bgre
_dGR-AtMCL
_eAACR2
245 1 _aInternational Economics / Fifth Edition
250 _a5th
260 _bPrentice Hall International,
_c1995
300 _a778
520 _aIntroduction, International Trade Theory, The Law of Comparative Advantage, The Standard Theory of International Trade, Demand and Supply and Offer Curves and the Terms of Trade, Factor Endowments and the Heckscher-Ohlin Theory, Economies of Scale and Imperfect Competition and International Trade, Economic Growth and International Trade, International Trade Policy, Trade Restrictions: Tariffs, Nontariff Trade Barriers and the New Protectionism, Economic Injtegration: Customs Unions and Free Trade Areas, International Trade and Economic Development, International Resource Movements and Multinational Corporations, Foreign Exchange Markets and Exchange Rate ande the Balance of Payments, Foreign Exchange Markets and Exchange Rates, Balance of Payments, Open-Economy Macroeconomics: Adjustment in the Balance of Payments and Domestic Stability, The Income Adjustment Mechanism and Synthesis of Automatic Adjustments, The Monetary and Portfolio Balance Approaches, Name and Subject Index.
700 1 _aSalvatore Dominick
_94
942 _cBK
999 _c2692
_d2692